Statistics for Marvel Questions #5

Click here to take the quiz!

General Stats

  • This quiz has been taken 16 times
  • The average score is 13 of 33

Answer Stats

Questions:Answer:% Correct
Who is Thor's Brother?Loki
100%
What city did Loki Lead the Chitauri to destroy? New York
86%
Tobey McGuire?Mary Jane
79%
What Color is Yondu's Skin?Blue
79%
What Color is Iron Man's Suit Mainly?Red
79%
What was the name of Thor's Hammer?Mjolnir
79%
What Species is Rocket?Racoon
71%
Who is The Guardian of the Bi-Frost?Heimdall
71%
Name spider mans love interests? Andrew Garfield?Gwen Stacy
64%
Who is the main villian of the Fantastic 4?Doctor Doom
64%
What Position was Nick Fury before Captain America: Winter Soldier?Director
50%
What is the Name of Thor's Ax?Storm breaker
50%
Who was Made of Rocks, as you can see?Korg
50%
Who was the being that destroyed Asgard?Surtur
50%
What did Yondu Affiliate with?Ravagers
43%
Who Started A.I.M?Aldridge Killian
29%
Who killed half of Yondu's Men and led for a short time?Taser Face
29%
Who is Taneleer Tivan?The Collector
29%
Who has Knives for hands?Miek
29%
What is the Origin of Laufey King of Jutonheim?Frost Giant
29%
What were Des and Troy?Guns
29%
What was the speicies of Hela's pet?Giant Wolf
14%
What the name of the protocol that brought all of Iron mans suits to battle?House Party
14%
Who Took them from Tex-as?Scurge
14%
What group did he Affiliate with?The Elders of the Universe
14%
Tom Holland, was more of a crushLiz Allan
14%
On Sakaar, Hulk and Thor took part in what?Contest of Champions
14%
How many days is the Stark Expo On For?365
14%
What was Black Widow's Under Cover Name?Natalie Rushman
14%
What Cosmic Entity was teased in Peter Quills Eyes while on Ego's Planet?Eternity
14%
What Character is played by Sean Gunn in GOTG?Kraglin
14%
Who has a staff at Kamar-Taj?The Living Tribunal
7%
Who Was an enemy of Spider-Man and had several metal arms?Dr Octavius
7%

Score Distribution

Percentile by Number Answered

Percent of People with Each Score

Your Score History

You have not taken this quiz